[Nota seminar " Kaedah dan prosedur kerja caj pihak berkuasa tempatan " yang diadakan pada 26 - 28 Ogos 2015 ]

Bibliographic Details
Corporate Author: Seminar " Kaedah dan prosedur kerja caj pihak berkuasa tempatan "l
Format: Book
Language:Malay
Published: 2015
Subjects:

MARC

LEADER 00000cam a2200000 7i4500
001 0000026850
005 20160517.0
008 160509 my a may
040 |a INS 
090 0 0 |a S316 
110 2 |a Seminar " Kaedah dan prosedur kerja caj pihak berkuasa tempatan "l   |k 2015 
245 1 0 |a [Nota seminar " Kaedah dan prosedur kerja caj pihak berkuasa tempatan " yang diadakan pada 26 - 28 Ogos 2015 ] 
260 |a 2015 
300 |a Various p. :   |b ill ;   |c 30 cm. 
500 |a Unpublised 
650 0 |a Office information systems 
650 0 |a Office practice   |x Automation 
999 |a S000000885   |b BOOK   |c Seminar   |e Default branch